000 00568nam a2200217 a 4500
001 0001-2134
003 ELIB.Books
008 190724 2010 eng
020 _a0919000819
092 _a220.66
_bJoh
100 _aJohnston, George.
245 _aOpening the Scriptures
260 _aCanada
_bThe United Church Publishing House
_c1992
300 _a259
_c22.5cm
650 _aBible-Criticism
856 _nKBTS Library
_uKBTS Elib
942 _2ddc
_cBK
990 _a1
998 _aEnglishbooks.elf
_ccat
_e2019-07-24
999 _c12134
_d12134